| 000 | 00674nam a2200217 a 4500 | ||
|---|---|---|---|
| 005 | 20240925064854.0 | ||
| 008 | 991125s1986 es 000 0 spa u | ||
| 020 | _a8427010052 | ||
| 035 | _aUPN01000003934 | ||
| 049 | _aCG | ||
| 050 | 4 |
_aLB1063 _aW5.38 |
|
| 100 | 1 |
_aWilliams, Linda Verlee, _d1942- _931619 |
|
| 245 | 1 | 0 |
_aAprender con todo el cerebro / _cLinda Verlee Williams ; tr. Esteban Riambau. |
| 260 |
_aBarcelona [Esp.] : _bMartínez Roca, _c1986. |
||
| 300 |
_a241 p. : _bil. |
||
| 440 | 0 | _aEducación | |
| 650 | 4 |
_aCEREBRO - _xLOCALIZACION DE FUNCIONES _97880 |
|
| 650 | 4 |
_aPsicología del aprendizaje _95221 |
|
| 650 | 4 |
_aPsicopedagogía _95085 |
|
| 905 | _aLibro | ||
| 999 |
_c3934 _d3934 |
||